Super handyman's encyclopedia of home repair hints ; better, faster, cheaper, easier ideas for house and workshop.

Bibliographic Details
Main Author: Carrell, Al
Format: Book
Language:English
Published: Englewood Cliffs, N.J. : Prentice-Hall, [1971]
Subjects:

MARC

Tag First Indicator Second Indicator Subfields
LEADER 00000cam a2200000 4500
001 in00000095366
005 20150927150103.0
008 711119s1971 njua 00100 eng
010 |a  70151664  
020 |a 0138759227  |c $7.95 
035 |a (OCoLC)00208855 
035 |9 AAL7249AM 
040 |a DLC  |c DLC  |d TXA  |d UtOrBLW 
049 |a TXAM  |c [1202943] 
050 0 0 |a TT151  |b .C33 
082 0 |a 643 
100 1 |a Carrell, Al. 
245 1 0 |a Super handyman's encyclopedia of home repair hints ;  |b better, faster, cheaper, easier ideas for house and workshop. 
264 1 |a Englewood Cliffs, N.J. :  |b Prentice-Hall,  |c [1971] 
300 |a vi, 385 pages :  |b illustrations ;  |c 24 cm. 
336 |a text  |b txt  |2 rdacontent 
337 |a unmediated  |b n  |2 rdamedia 
338 |a volume  |b nc  |2 rdacarrier 
650 0 |a Repairing  |v Amateurs' manuals. 
740 0 |a Home repair hints. 
999 |a MARS 
999 f f |s 3f98d224-1b39-3c2c-b684-608b48d583d0  |i 36d3a251-b9d2-3958-b2c0-44d06c317af9  |t 0 
952 f f |p ric  |a Texas A&M University  |b Rellis Campus  |c Joint Library Facility  |d Remote Storage  |t 0  |e TT151 .C33  |h Library of Congress classification  |i unmediated -- volume  |m A14805655881 
998 f f |a TT151 .C33  |t 0  |l Remote Storage